| 000 | 00565nam a2200217Ia 4500 | ||
|---|---|---|---|
| 003 | OSt | ||
| 005 | 20230420135848.0 | ||
| 008 | 210423s2009 xx 000 0 und d | ||
| 020 | _a9788131728512 | ||
| 040 | _cAL | ||
| 041 | _aeng | ||
| 082 | _a512.7 SILJ | ||
| 100 |
_aSILVERMAN (Joseph H). _991051 |
||
| 245 | _aFriendly introduction to number theory. | ||
| 250 | _a3 | ||
| 260 |
_aNew Delhi _bPearson Education Pvt Ltd _c2009 |
||
| 300 |
_avii,434 _bPB |
||
| 365 |
_b325 _cINR |
||
| 906 | _aFriendly ; introduction ; number ; theory. | ||
| 942 |
_2ddc _cBK |
||
| 999 |
_c160314 _d160314 |
||